000
00453nam a2200181Ia 4500
008
100917s9999 xx 000 0 und d
082
_b
29112
100
_a
धारप नारायण
245
_a
भयकथा
260
_b
विशाखा प्रकाशन
_c
1974
300
_a
239
365
_b
20
520
_a
कथा
630
_a
भयकथा
650
_a
कथा
730
_a
भयकथा
942
_c
BOOK
999
_c
634506
_d
634503